000 00488nam a2200169Ia 4500
008 090201s9999 xx 000 0 und d
010 _aKPL-48465
040 _bमराठी
041 _aमराठी
082 _a35794
_b48465
100 _aअनंत तिबीले
245 _aसावज
_cअनंत तिबीले
260 _c2004
_bमनोरमा प्रकाशन
300 _a228
_bमोठा
600 _aसावज
942 _cBOOK
999 _c233837
_d233837